002800000a220007300045001000020000002450105000203000052001257730029001771 aPretiz, Paul E.10aSurfer, singer, father figure : A short term missionary's experience at the Bible home in Costa Rica aVol. 78, Num 2 (Abril-Junio, 1998), Página 200 tLatin America Evangelist